000 00486nam a2200193Ia 4500
005 20230918090020.0
008 131103s9999 xx 000 0 und d
020 _a752877526
_cGBP 2.99
040 _aLoreto College
041 _aEnglish
082 _aF
_bMEY
100 _aMeynell,Laurence
245 _aDeath of a philanderer
_cLaurence Meynell
260 _aLondon
_bThe Crime Club
_c1968
300 _a223 p.
650 _aFiction in English
850 _aLCLIB
942 _cBK
999 _c14244
_d64723